Statistics for Historical Timeline of Malaysia

Click here to take the quiz!

General Stats

  • This quiz has been taken 38 times
  • The average score is 17 of 22

Answer Stats

YearHintAnswer% Correct
1895Federated M____ StatesFederated Malay States
100%
1895Unfederated M____ StatesUnfederated Malay States
100%
1963M_______Malaysia
92%
1368Brun__Brunei
92%
1400Malac__Malacca
92%
1882North Bo____North Borneo
84%
600Srivijay_Srivijaya
80%
1511P_________ MalaccaPortuguese Malacca
80%
1641D____ MalaccaDutch Malacca
80%
1841Kingdom of Saraw__Kingdom of Sarawak
80%
200 | 1136Keda_Kedah
76%
1528Joh__Johor
76%
200Ch_ TuChi Tu
72%
1948Federation of M_____Federation of Malaya
72%
600Melay_Melayu
68%
1405Sul_Sulu
68%
200Gangg_ NegaraGangga Negara
64%
1516Pattan_Pattani
64%
200Langkasuk_Langkasuka
60%
1826Str____ SettlementsStraits Settlements
48%
200Pa_ Pa_Pan Pan
36%

Score Distribution

Percentile by Number Answered

Percent of People with Each Score

Your Score History

You have not taken this quiz